Magna Britannia (Record no. 114381)

MARC details
000 -LEADER
fixed length control field 01033cam a22002175a 4500
001 - CONTROL NUMBER
control field L156713
008 - FIXED-LENGTH DATA ELEMENTS--GENERAL INFORMATION
fixed length control field 120627m18061822xxk f 000 0 eng d
035 ## - SYSTEM CONTROL NUMBER
System control number (Sirsi) u156713
041 0# - LANGUAGE CODE
Language code of text/sound track or separate title eng
100 1# - MAIN ENTRY--PERSONAL NAME
Personal name Lysons, Daniel
Dates associated with a name 1727-1800
245 00 - TITLE STATEMENT
Title Magna Britannia
Remainder of title being a concise topographical account of the several counties of Great Britain
Statement of responsibility, etc. by Daniel Lysons ..., and Samuel Lysons ... .
260 ## - PUBLICATION, DISTRIBUTION, ETC.
Place of publication, distribution, etc. London
Name of publisher, distributor, etc. Printed for T.Cadell and W.Davies ...
Date of publication, distribution, etc. 1806.[-1822.]
300 ## - PHYSICAL DESCRIPTION
Extent 6 v. (in 9), plates
Other physical details ill., maps
Dimensions 30 cm. (4o)
505 2# - FORMATTED CONTENTS NOTE
Formatted contents note v.1. Bedfordshire. Berkshire. Buckinghamshire -- v.2. Cambridgeshire. The county palatine of Chester -- v.3. Cornwall -- v.4. Cumberland -- v.5. Derbyshire -- v.6. Devonshire
520 ## - SUMMARY, ETC.
Summary, etc. Date of imprint varies: Vol.1: 1806; Vol. 2: 1808; Vol. 3: 1814; Vol. 4: 1816; Vol. 5: 1817; Vol. 6: 1822.
583 ## - ACTION NOTE
Action Condition reviewed
Time/date of action 20120620
Status condition level 1 (x9)
651 #4 - SUBJECT ADDED ENTRY--GEOGRAPHIC NAME
Geographic name Great Britain
Chronological subdivision 1707-
690 ## - LOCAL SUBJECT ADDED ENTRY--TOPICAL TERM (OCLC, RLIN)
Topical term or geographic name as entry element Geomatics
9 (RLIN) 6242
700 1# - ADDED ENTRY--PERSONAL NAME
Personal name Lysons, Samuel
Dates associated with a name 1763-1819
942 ## - ADDED ENTRY ELEMENTS (KOHA)
Suppress in OPAC 0
Holdings
Withdrawn status Lost status Source of classification or shelving scheme Damaged status Not for loan Home library Current library Shelving location Date acquired Total Checkouts Full call number Barcode Date last seen Copy number Price effective from Koha item type
    Dewey Decimal Classification     Historic collection Historic collection Historic collection 27/06/2012   QUARTO 1806 LYSONS VOL 1 30078015 06/08/2019 1 06/08/2019 Book
    Dewey Decimal Classification     Historic collection Historic collection Historic collection 19/07/2012   QUARTO 1806 LYSONS VOL 2 30078038 06/08/2019 1 06/08/2019 Book
    Dewey Decimal Classification     Historic collection Historic collection Historic collection 19/07/2012   QUARTO 1806 LYSONS VOL 3 30078011 06/08/2019 1 06/08/2019 Book
    Dewey Decimal Classification     Historic collection Historic collection Historic collection 19/07/2012   QUARTO 1806 LYSONS VOL 4 30078019 06/08/2019 1 06/08/2019 Book
    Dewey Decimal Classification     Historic collection Historic collection Historic collection 19/07/2012   QUARTO 1806 LYSONS VOL 5 30078023 06/08/2019 1 06/08/2019 Book
    Dewey Decimal Classification     Historic collection Historic collection Historic collection 19/07/2012   QUARTO 1806 LYSONS VOL 6 30078027 06/08/2019 1 06/08/2019 Book
    Dewey Decimal Classification     Historic collection Historic collection Historic collection 19/07/2012   QUARTO 1806 LYSONS VOL 7 30078034 06/08/2019 1 06/08/2019 Book
    Dewey Decimal Classification     Historic collection Historic collection Historic collection 19/07/2012   QUARTO 1806 LYSONS VOL 8 30078030 06/08/2019 1 06/08/2019 Book
    Dewey Decimal Classification     Historic collection Historic collection Historic collection 19/07/2012   QUARTO 1806 LYSONS VOL 9 30078026 06/08/2019 1 06/08/2019 Book